| 000 | 00411nam a2200157 4500 | ||
|---|---|---|---|
| 003 | OSt | ||
| 005 | 20221116133303.0 | ||
| 008 | 221111b |||||||| |||| 00| 0 eng d | ||
| 040 | _cBiblioteca Lado V | ||
| 082 |
_a708 _bA833m |
||
| 110 |
_eautor _9421 _aAsia Art |
||
| 245 | _aMuzykstan/ | ||
| 260 |
_aRusia _c2007 _bCAPROJECTS |
||
| 300 |
_a55p. _c15x21cm |
||
| 942 |
_2ddc _c1 _h708 _iA832m _n0 |
||
| 999 |
_c2634 _d2634 |
||